| 000 | 00541nam a2200181 a 4500 | ||
|---|---|---|---|
| 001 | 4159 | ||
| 003 | CDMR | ||
| 005 | 20151019135402.0 | ||
| 008 | 130130s1980||||||||||||||||||||||||||||d | ||
| 040 |
_aCDMR _bcat _cCDMR |
||
| 245 | 0 |
_aBreu història dels programes en català a RTVE _cJoan Munsó Cabús i Manuel Cubeles i Pere Nin...[et al.] |
|
| 260 |
_aBarcelona _c1980 _bRTVE |
||
| 300 |
_a92 p ; _c20 cm |
||
| 650 | 0 | 4 |
_91720 _aRadiodifusió _zEspanya |
| 650 | 0 | 4 |
_93328 _aCatalà |
| 610 | 2 |
_91250 _aRadiotelevisión Española |
|
| 942 |
_cMON _2udc |
||
| 999 |
_c4159 _d4159 |
||